000 00350nam a2200133Ia 4500
008 240624s9999 xx 000 0 und d
041 _aeng
082 _a828 MOR
100 _aMORAES DOM
245 _aOUT OF GOD S OVEN TRAVEL IN A FRACTURED
260 _c2007
_aNew Delhi
_bPenguin Book India
300 _axv, : 387 : p. : cm. ; 21
365 _cRS
_b20
999 _c7295
_d7295